000 00452nam a22001817a 4500
005 20180726131056.0
008 160517b xxu||||| |||| 00| 0 eng d
020 _a033393330-3
041 _aeng
082 _b2545
_a658.3
100 _a Dwivedi, R.S.
_9433
245 _aHuman Relations and Organisational Behaviour
250 _a5th ed.
260 _bMc Millan India Ltd
_c2003
_adelhi
300 _a886p,
650 _aManagement
_9241
942 _cBK
999 _c933
_d933